| 000 | 00616nam a22001817a 4500 | ||
|---|---|---|---|
| 005 | 20250326125728.0 | ||
| 008 | 250326b |||||||| |||| 00| 0 eng d | ||
| 020 | _a9781784710590 | ||
| 041 | _aEng. | ||
| 082 | _a339.47 KEN | ||
| 100 | _aKennedy, Emily Huddart | ||
| 245 | _aPutting Sustainability into Practice: Applications and Advances in Research on Sustainable Consumption | ||
| 260 |
_aUK _bEdward Elgar Publishing _c2015 |
||
| 300 | _a244;. P. 23 cm | ||
| 650 | _aConsumption (Economics); Environmental Aspects; Sustainable Development | ||
| 700 | _aCohen, Maurie J. and Krogman, Naomi | ||
| 942 | _cBK | ||
| 999 |
_c43408 _d43408 |
||